Normal view MARC view

Entry Personal Name

Number of records used in: 1

001 - CONTROL NUMBER

  • control field: 1195517

003 - CONTROL NUMBER IDENTIFIER

  • control field: OSt

005 - DATE AND TIME OF LATEST TRANSACTION

  • control field: 20260324134102.0

008 - FIXED-LENGTH DATA ELEMENTS

  • fixed length control field: 260324|| aca||aabn | a|a d

040 ## - CATALOGING SOURCE

  • Original cataloging agency: OSt
  • Transcribing agency: OSt

100 ## - HEADING--PERSONAL NAME

  • Personal name: Mary Taylor Huber; Sherwyn P. Morreale

670 ## - SOURCE DATA FOUND

  • Source citation: Work cat.: (OSt)1795212: Mary Taylor Huber; Sherwyn P. Morreale, Disciplinary Styles in the Scholarship of Teaching and Learning
Copyright @ Delhi University Library System